Statistics for Ariana Grande Songs

Click here to take the quiz!

General Stats

  • This quiz has been taken 14 times
  • The average score is 58 of 114

Answer Stats

HintAnswer% Correct
Dangerous WomanDangerous Woman
90%
thank u, nextthank u, next
90%
Positionspositions
80%
My EverythingProblem (feat. Iggy Azalea)
80%
Yours TrulyThe Way (feat. Mac Miller)
80%
Positions34+35
70%
Positions (Deluxe)34+35 (feat. Doja Cat, Megan Thee Stallion)
70%
thank u, next7 rings
70%
Yours TrulyBaby I
70%
My EverythingBang Bang (with Jessie J and Nicki Minaj)
70%
Yours TrulyBetter Left Unsaid
70%
My EverythingBreak Free (feat. Zedd)
70%
Dangerous WomanEveryday (feat. Future)
70%
Yours TrulyHoneymoon Avenue
70%
Dangerous WomanInto You
70%
My EverythingLove Me Harder (with the Weeknd)
70%
Yours TrulyLovin' It
70%
Sweetenerno tears left to cry
70%
Yours TrulyPiano
70%
Yours TrulyPopular Song (Mika feat. Ariana Grande)
70%
Yours TrulyTattooed Heart
70%
CollaborationsTime (Childish Gambino)
70%
thank u, nextbad idea
60%
My EverythingBe My Baby (feat. Cashmere Cat)
60%
Sweetenerblazed (feat. Pharrell Williams)
60%
thank u, nextbloodline
60%
Sweetenerborderline (feat. Missy Elliott)
60%
Collaborationsboyfriend (Social House)
60%
thank u, nextbreak up with your girlfriend, i'm bored
60%
My EverythingBreak Your Heart Right Back (feat. Childish Gambino
60%
Yours TrulyDaydreamin
60%
thank u, nextfake smile
60%
thank u, nextghostin
60%
SweetenerGod is a woman
60%
Sweetenergoodnight n go
60%
Dangerous WomanGreedy
60%
thank u, nextin my head
60%
My EverythingIntro
60%
Positionsjust like magic
60%
Dangerous WomanKnew Better/Forever Boy
60%
Positionslove language
60%
thank u, nextmake up
60%
Positionsmotive (with Doja Cat)
60%
Positionsmy hair
60%
thank u, nextNASA
60%
Positionsnasty
60%
thank u, nextneedy
60%
Positionsoff the table (with The Weeknd)
60%
My EverythingOne Last Time
60%
Positionspov
60%
Sweetenerraindrops (an angel cried)
60%
Positionssafety net (feat. Ty Dolla $ign)
60%
Positionsshut up
60%
Dangerous WomanSide to Side (feat. Nicki Minaj)
60%
Positionssix thirty
60%
Sweetenersuccessful
60%
Sweetenersweetener
60%
Positions (Deluxe)test drive
60%
Positionswest side
60%
Positions (Deluxe)worst behavior
60%
Yours TrulyAlmost Is Never Enough (with Nathan Skyes)
50%
Dangerous WomanBad Decisions
50%
Dangerous WomanBe Alright
50%
CollaborationsBed (Nicki Minaj)
50%
My EverythingBest Mistake (feat. Big Sean)
50%
Sweetenerbetter off
50%
Sweetenerbreathin
50%
Sweetenereverytime
50%
Sweetenerget well soon
50%
My EverythingHands on Me (feat. A$AP Ferg)
50%
Dangerous WomanI Don't Care
50%
thank u, nextimagine
50%
My EverythingJust a Little Bit of Your Heart
50%
Dangerous WomanLeave Me Lonely (feat. Macy Gray)
50%
Dangerous WomanLet Me Love You (feat. Lil Wayne)
50%
Positions (Deluxe)main thing
50%
Dangerous WomanMoonlight
50%
My EverythingOnly 1
50%
Sweetenerpete davidson
50%
SweetenerR.E.M.
50%
Yours TrulyRight There (feat. Big Sean)
50%
Positions (Deluxe)someone like u - interlude
50%
Dangerous WomanSometimes
50%
Sweetenerthe light is coming (feat. Nicki Minaj)
50%
Dangerous WomanTouch It
50%
My EverythingWhy Try
50%
My EverythingYou Don't Know Me
50%
SinglesFocus
40%
SinglesPut Your Hearts Up
40%
Dangerous WomanThinking Bout You
40%
CollaborationsAdore (Cashmere Cat)
30%
CollaborationsBad to You (Nicki Minaj & Normani)
30%
CollaborationsBoys like You (Who Is Fancy & Meghan Trainor)
30%
CollaborationsFaith (Stevie Wonder)
30%
CollaborationsGood as Hell (Lizzo)
30%
CollaborationsGive it up (Liz Gilles)
20%
CollaborationsGot Her Own (Victoria Monet)
20%
CollaborationsHeatstroke (Pharrell, Calvin Harris, Young Thug)
20%
CollaborationsMet Him Last Night (Demi Lovato)
20%
CollaborationsRule the World (2 Chainz)
20%
CollaborationsArturo Sandoval (Arturo Sandoval & Pharrell)
10%
CollaborationsBeauty and the Beast (John Legend)
10%
CollaborationsDance to this (Troye Sivan)
10%
CollaborationsDon't Call Me Angel (Charlie's Angels)
10%
CollaborationsGet on Your Knees (Nicki Minaj)
10%
CollaborationsMONOPOLY (Victoria Monet)
10%
CollaborationsMy Favorite Part (Mac Miller)
10%
CollaborationsNobody (Chaka Khan)
10%
CollaborationsOver and Over Again (Nathan Skyes)
10%
CollaborationsQuit (Cashmere Cat)
10%
CollaborationsRain On Me (Lady Gaga)
10%
CollaborationsResearch (Big Sean)
10%
CollaborationsSave Your Tears (the Weeknd)
10%
CollaborationsStuck with U (Justin Bieber)
10%

Score Distribution

Percentile by Number Answered

Percent of People with Each Score

Your Score History

You have not taken this quiz